00584nam a2200205Ia 450000500170000000800410001702000140005804000190007204100120009108200200010310000160012324500440013926000450018330000120022850400530024060000190029365000260031265000300033885000100036820230706142016.0131103s9999 xx 000 0 und d a706905760 aLoreto College aEnglish a954.04bGAN-VAS aVasudev,Uma aTwo faces of Indira GandhicUma Vasudev aNew DelhibVikas Publishing House c1977 a208 p.  aIncludes appendix and bibliographical references aGandhi, Indira aModern Indian History aGandhi,Indira 1917 - 1984 aLCLIB